00924cam a2200265 a 450000100060000000300080000600500170001400800410003103500190007204000180009104100080010908200160011710000320013324501020016524600400026725000280030726000430033530000390037850000830041750400370050065100370053765100300057465100350060470000190063924560BD-RjUL20211209001052.0140313s1952 enka 001 0 eng d a(BD-RjUL)24627 aEQOcEQObeng aeng a 942.2bFUW1 aFuller, Thomas,d1608-1661.14aThe worthies of England /cThomas Fuller ; edited with an introduction and notes by John Freeman.10aHistory of the worthies of England. aFirst abridged edition. aLondon :bGeorge Allen & Unwin,c1952. axvii, 716 p. :bfrontis. ;c24 cm. a"first abridged edition...and the first reprint for over a century" [preface]. aIncludes bibliography and index. 0aEnglandxDescription and travel. 0aGreat BritainvBiography. 0aGreat BritainxHistory, Local.1 aFreeman, John.